| 000 | 00486nam a2200205Ia 4500 | ||
|---|---|---|---|
| 008 | 170918s9999 xx 000 0 und d | ||
| 020 | _a9780439692922 | ||
| 050 | _bC188 2004 | ||
| 100 | _aCampbell, Julia | ||
| 245 | _aDragon slayer to the rescue / | ||
| 245 | _cJulia Campbell. | ||
| 260 | _aNew York : | ||
| 260 | _bScholastic, | ||
| 260 | _c2004 | ||
| 300 | _a24 pages : | ||
| 300 | _bcolored illustration ; | ||
| 300 | _c19cm. | ||
| 440 | _aRead 180. | ||
| 500 | _a420 | ||
| 999 |
_c341513 _d341513 |
||